000 00306nam a22001337a 4500
008 170508b xxu||||| |||| 00| 0 eng d
020 _a9781422481608
041 _aeng
080 _a34
100 _a15
101 _aSHJ
245 _aFEDERAL RULES EVIDENCE HANDBOOK
_cARAIZA.W.D
942 _2udc
_cBK
999 _c13026
_d13026